000 00537nam a2200181Ia 4500
008 090124s9999 xx 000 0 und d
082 _b32976
100 _aकाऴे वैज़यंती
245 _a बघताबघता
250 _a0
260 _bदिलीप प्रकाशन
_c1995
300 _a284
600 _aकाऴे वैज़यंती
630 _a बघताबघता
700 _aकाऴे वैज़यंती
730 _a बघताबघता
942 _cBOOK
999 _c98957
_d98957